| 000 | 00000nam##2200000za#4500 |
| 001 | 9.698372 |
| 003 | CaOODSP |
| 005 | 20210624235910 |
| 007 | cr ||||||||||| |
| 008 | 150407|2000||||xxc|||||o f|0| 0 eng|d |
| 040 | |aCaOODSP|beng |
| 043 | |an-cn--- |
| 086 | 1 |aH14-131/2000E-PDF |
| 110 | 1 |aCanada. |bHealth Canada. |
| 245 | 10|aHealth Canada decision-making framework for identifying, assessing, and managing health risks |h[electronic resource] |
| 260 | |aOttawa - Ontario : |bHealth Canada |c2000. |
| 300 | |a80p.|bfigs., glossary, references |
| 500 | |a"In 1993, Health Canada published a formal framework, which defined and described the risk assessment and risk management process in a structured way [Health Canada, 1993]. While the 1993 approach served its purpose well, in recent years there have been a number of changes in society, science and technology, that have prompted the Department and other public health agencies to reexamine the way that they deal with health risks."--Page 3 of 80, Preface : background. |
| 590 | |a13-20-Supp|b2013-08-30 |
| 690 | 07|aFinancial management|2gcpds |
| 775 | 08|tCadre décisionnel de Santé Canada pour la détermination, l'évaluation et la gestion des risques pour la santé |w(CaOODSP)9.642386 |
| 856 | 40|ahttp://publications.gc.ca|qPDF|s328 KB|uhttps://publications.gc.ca/collections/collection_2013/sc-hc/H14-131-2000-eng.pdf |